LIBRARY & INFORMATION CENTRE, KCAET, TAVANUR

ONLINE PUBLIC ACCESS CATALOGUE (OPAC)

Soils: their chemistry and fertility in tropical Asia / (Record no. 9313)

MARC details
000 -LEADER
fixed length control field 00555cam a2200205ua 4500
041 ## - LANGUAGE CODE
Language code of text/sound track or separate title eng
082 ## - DEWEY DECIMAL CLASSIFICATION NUMBER
Classification number 631.42095
Item number TAM/SO
100 ## - MAIN ENTRY--AUTHOR NAME
Personal name Tamhane, R.V .
245 ## - TITLE STATEMENT
Title Soils: their chemistry and fertility in tropical Asia /
260 ## - PUBLICATION, DISTRIBUTION, ETC. (IMPRINT)
Place of publication New Delhi :
Name of publisher Prentice Hall of India Pvt Ltd. ,
Year of publication 1964.
300 ## - PHYSICAL DESCRIPTION
Number of Pages 475 ; .
700 1# - ADDED ENTRY--PERSONAL NAME
Personal name Bali, Y.P .
700 1# - ADDED ENTRY--PERSONAL NAME
Personal name Donahue, Roy L .
700 1# - ADDED ENTRY--PERSONAL NAME
Personal name Motiramani, D.P .
942 ## - ADDED ENTRY ELEMENTS (KOHA)
Koha item type Books
Holdings
Withdrawn status Lost status Damaged status Home library Current library Date acquired Full call number Accession Number Koha item type
Withdrawn     KAUAET KAUAET 07/04/2012 631.42095 8070 Books
free website counter